MARC details
| 000 -LEADER |
| fixed length control field |
02749cam a2200445 i 4500 |
| 003 - CONTROL NUMBER IDENTIFIER |
| control field |
EG-GICUC |
| 005 - DATE AND TIME OF LATEST TRANSACTION |
| control field |
20260203091138.0 |
| 008 - FIXED-LENGTH DATA ELEMENTS--GENERAL INFORMATION |
| fixed length control field |
050315s2005 enk frb 001 0 eng d |
| 020 ## - INTERNATIONAL STANDARD BOOK NUMBER |
| International Standard Book Number |
9780199272815 |
| Qualifying information |
hardback |
| 020 ## - INTERNATIONAL STANDARD BOOK NUMBER |
| International Standard Book Number |
0199272816 |
| Qualifying information |
hardback |
| 020 ## - INTERNATIONAL STANDARD BOOK NUMBER |
| International Standard Book Number |
9780199272822 |
| Qualifying information |
pbk. |
| 020 ## - INTERNATIONAL STANDARD BOOK NUMBER |
| International Standard Book Number |
0199272824 |
| Qualifying information |
pbk. |
| 040 ## - CATALOGING SOURCE |
| Original cataloging agency |
DLC |
| Transcribing agency |
DLC |
| Modifying agency |
DLC |
| -- |
EG-GICUC |
| Language of cataloging |
eng |
| Description conventions |
rda |
| 050 00 - LIBRARY OF CONGRESS CALL NUMBER |
| Classification number |
K3240 |
| Item number |
.N66 2005 |
| 082 00 - DEWEY DECIMAL CLASSIFICATION NUMBER |
| Classification number |
341.48 |
| Edition number |
21 |
| 092 04 - LOCALLY ASSIGNED DEWEY CALL NUMBER (OCLC) |
| Edition number |
21 |
| 099 ## - LOCAL FREE-TEXT CALL NUMBER (OCLC) |
| Classification number |
Law 11 2005 |
| 245 00 - TITLE STATEMENT |
| Title |
Non-state actors and human rights / |
| Statement of responsibility, etc. |
edited by Philip Alston. |
| 264 ## - PRODUCTION, PUBLICATION, DISTRIBUTION, MANUFACTURE, AND COPYRIGHT NOTICE |
| Place of production, publication, distribution, manufacture |
Oxford [England] ; |
| -- |
New York : |
| Name of producer, publisher, distributor, manufacturer |
Oxford University Press, |
| Date of production, publication, distribution, manufacture, or copyright notice |
2005. |
| 300 ## - PHYSICAL DESCRIPTION |
| Extent |
ix, 387 pages ; |
| Dimensions |
24 cm. |
| 336 ## - CONTENT TYPE |
| Content type term |
text |
| Source |
rdacontent |
| 337 ## - MEDIA TYPE |
| Media type term |
Computer |
| Source |
rdamedia |
| 338 ## - CARRIER TYPE |
| Carrier type term |
Online Resource |
| Source |
rdacarrier |
| 440 #0 - SERIES STATEMENT/ADDED ENTRY--TITLE |
| Title |
Collected courses of the Academy of European Law ; |
| Volume/sequential designation |
v. 13/3 |
| 500 ## - GENERAL NOTE |
| General note |
"Academy of European Law, European University Institute in collaboration with the Center for Human Rights and Global Justice, New York University School of Law." |
| 504 ## - BIBLIOGRAPHY, ETC. NOTE |
| Bibliography, etc. note |
Includes bibliographical references (p. [351]-368) and index. |
| 505 0# - FORMATTED CONTENTS NOTE |
| Formatted contents note |
The 'not-a-cat' syndrome : can the international human rights regime accommodate non-state actors? / Philip Alston -- The changing international legal framework for dealing with non-state actors / August Reinisch -- The evolving status of NGOs under international law : a threat to the inter-state system? / Menno T. Kamminga -- Economic, social, and cultural human rights and the International Monetary Fund / François Gianviti -- Catching the conscience of the king : corporate players on the international stage / Celia Wells and Juanita Elias -- Corporate responsibility and the international law of human rights : the new Lex Mercatoria / Ralph G. Steinhardt -- The accountability of multinationals for human rights violations in European law / Olivier de Schutter -- Human rights responsibilities of business as non-state actors / David Weissbrodt and Muria Kruger. |
| 650 #0 - SUBJECT ADDED ENTRY--TOPICAL TERM |
| Topical term or geographic name entry element |
Human rights. |
| 650 #0 - SUBJECT ADDED ENTRY--TOPICAL TERM |
| Topical term or geographic name entry element |
Juristic persons. |
| 650 #0 - SUBJECT ADDED ENTRY--TOPICAL TERM |
| Topical term or geographic name entry element |
International business enterprises |
| General subdivision |
Law and legislation. |
| 700 1# - ADDED ENTRY--PERSONAL NAME |
| Personal name |
Alston, Philip, |
| Relator term |
editor. |
| 710 2# - ADDED ENTRY--CORPORATE NAME |
| Corporate name or jurisdiction name as entry element |
Academy of European Law (Florence, Italy) |
| 710 2# - ADDED ENTRY--CORPORATE NAME |
| Corporate name or jurisdiction name as entry element |
New York University. |
| Subordinate unit |
Center for Human Rights and Global Justice. |
| 856 41 - ELECTRONIC LOCATION AND ACCESS |
| Uniform Resource Identifier |
<a href="https://fll.law.cu.edu.eg/fulltext/bks/ENGB11-00111.pdf">https://fll.law.cu.edu.eg/fulltext/bks/ENGB11-00111.pdf</a> |
| 856 41 - ELECTRONIC LOCATION AND ACCESS |
| Materials specified |
Table of contents only |
| Uniform Resource Identifier |
<a href="http://www.loc.gov/catdir/toc/ecip059/2005007553.html">http://www.loc.gov/catdir/toc/ecip059/2005007553.html</a> |
| 856 42 - ELECTRONIC LOCATION AND ACCESS |
| Materials specified |
Publisher description |
| Uniform Resource Identifier |
<a href="http://www.loc.gov/catdir/enhancements/fy0639/2005007553-d.html">http://www.loc.gov/catdir/enhancements/fy0639/2005007553-d.html</a> |
| 856 42 - ELECTRONIC LOCATION AND ACCESS |
| Materials specified |
Contributor biographical information |
| Uniform Resource Identifier |
<a href="http://www.loc.gov/catdir/enhancements/fy0725/2005007553-b.html">http://www.loc.gov/catdir/enhancements/fy0725/2005007553-b.html</a> |
| 905 ## - Cataloger and Reviser Names |
| Cataloger Name: |
Hend El khosy |
| 942 ## - ADDED ENTRY ELEMENTS (KOHA) |
| Source of classification or shelving scheme |
Dewey Decimal Classification |
| Koha item type |
Books |
| Edition |
21 |
| Suppress in OPAC |
No |